|
|
|
|
| LEADER |
00000cam a22000004a 4500 |
| 001 |
musev2_24403 |
| 003 |
MdBmJHUP |
| 005 |
20230905042612.0 |
| 006 |
m o d |
| 007 |
cr||||||||nn|n |
| 008 |
120816s2012 ilu o 00 0 eng d |
| 010 |
|
|
|z 2012030590
|
| 020 |
|
|
|a 9781501757679
|
| 020 |
|
|
|z 9780875806839
|
| 020 |
|
|
|z 9781609090685
|
| 035 |
|
|
|a (OCoLC)868220499
|
| 040 |
|
|
|a MdBmJHUP
|c MdBmJHUP
|
| 100 |
1 |
|
|a Cunningham, Kevin,
|d 1966-
|
| 245 |
1 |
4 |
|a The Constellations /
|c Kevin Cunningham.
|
| 264 |
|
1 |
|a DeKalb :
|b Switchgrass Books,
|c 2012.
|
| 264 |
|
3 |
|a Baltimore, Md. :
|b Project MUSE,
|c 2014
|
| 264 |
|
4 |
|c ©2012.
|
| 300 |
|
|
|a 1 online resource (220 pages).
|
| 336 |
|
|
|a text
|b txt
|2 rdacontent
|
| 337 |
|
|
|a computer
|b c
|2 rdamedia
|
| 338 |
|
|
|a online resource
|b cr
|2 rdacarrier
|
| 520 |
|
|
|a It{u2019}s 1974 in DeKalb County, Illinois and the planets have failed to align for Roy Conlon. Widowed and broke, his eight-year-old son Eric is suddenly a mystery to him. The boy has become aware of a sky awhirl with stars and of the universe outside his small-Midwestern town. And as powerful forces pull Eric away, Roy{u2019}s efforts to hold onto his son are threatened by weakness, guilt, and his participation in a foolish crime.
|
| 588 |
|
|
|a Description based on print version record.
|
| 650 |
|
7 |
|a Amerikanisches Englisch
|2 gnd
|
| 650 |
|
7 |
|a Roman
|2 gnd
|
| 650 |
|
7 |
|a Loss (Psychology)
|2 fast
|0 (OCoLC)fst01002621
|
| 650 |
|
7 |
|a Fathers and sons.
|2 fast
|0 (OCoLC)fst00921899
|
| 650 |
|
6 |
|a Perte (Psychologie)
|v Romans, nouvelles, etc.
|
| 650 |
|
6 |
|a Peres et fils
|v Romans, nouvelles, etc.
|
| 650 |
|
0 |
|a Loss (Psychology)
|v Fiction.
|
| 650 |
|
0 |
|a Fathers and sons
|v Fiction.
|
| 655 |
|
7 |
|a Domestic fiction.
|2 lcgft
|
| 655 |
|
7 |
|a Fiction.
|2 fast
|0 (OCoLC)fst01423787
|
| 655 |
|
7 |
|a Domestic fiction.
|2 fast
|0 (OCoLC)fst01726589
|
| 655 |
|
7 |
|a Electronic books.
|2 local
|
| 710 |
2 |
|
|a Project Muse.
|e distributor
|
| 830 |
|
0 |
|a Book collections on Project MUSE.
|
| 856 |
4 |
0 |
|z Texto completo
|u https://projectmuse.uam.elogim.com/book/24403/
|
| 945 |
|
|
|a Project MUSE - Custom Collection
|
| 945 |
|
|
|a Project MUSE - 2012 Poetry, Fiction and Creative Non-Fiction Supplement II
|
| 945 |
|
|
|a Project MUSE - 2012 Complete Supplement II
|